000
00370nam a22001577a 4500
003
MPLRDC
005
20220104125344.0
008
210129b ||||| |||| 00| 0 eng d
082
_a
857.9 XYa-25 v.2
100
_a
萧逸
245
_a
侠肝义胆. 中
_c
260
_a
_b
嘉熙出版社
_c
300
_b
平
650
_a
武侠小说
942
_c
BK
_o
857.9 XYa-25 v.2
999
_c
26696
_d
26686